Greatest Foreign NBA Players of All Time - Statistics

General Stats
  • This quiz has been taken 661 times
  • The average score is 5 of 10
Answer Stats
Rank Player % Correct
2 Dirk Nowitzki
91%
1 Hakeem Olajuwon
76%
5 Tony Parker
66%
3 Steve Nash
62%
6 Manu Ginobili
54%
4 Pau Gasol
48%
8 Yao Ming
37%
7 Dikembe Mutombo
35%
10 Peja Stojakovic
25%
9 Detlef Schrempf
13%
No matching quizzes found
Score Distribution
Percent of People with Each Score
Percentile by Number Answered
Your Score History
You have not taken this quiz